<?xml version="1.0" encoding="UTF-8"?>
<record
    xmlns:xsi="http://www.w3.org/2001/XMLSchema-instance"
    xsi:schemaLocation="http://www.loc.gov/MARC21/slim http://www.loc.gov/standards/marcxml/schema/MARC21slim.xsd"
    xmlns="http://www.loc.gov/MARC21/slim">

  <leader>01428nam a22002297a 4500</leader>
  <controlfield tag="003">OSt</controlfield>
  <controlfield tag="005">20211207150901.0</controlfield>
  <controlfield tag="008">120530t        xxu||||| |||| 00| 0 eng d</controlfield>
  <datafield tag="024" ind1=" " ind2=" ">
    <subfield code="a">1453901091314</subfield>
  </datafield>
  <datafield tag="040" ind1=" " ind2=" ">
    <subfield code="c">LC</subfield>
  </datafield>
  <datafield tag="050" ind1=" " ind2=" ">
    <subfield code="a">HG4026.B97</subfield>
  </datafield>
  <datafield tag="100" ind1=" " ind2=" ">
    <subfield code="q">Busaba, Walid</subfield>
  </datafield>
  <datafield tag="245" ind1=" " ind2=" ">
    <subfield code="a">Advanced corporate finance. /</subfield>
    <subfield code="c">Walid Busaba</subfield>
  </datafield>
  <datafield tag="246" ind1=" " ind2=" ">
    <subfield code="a">MBA 9404 2013/2014 - Elective</subfield>
  </datafield>
  <datafield tag="260" ind1=" " ind2=" ">
    <subfield code="a">London, Ontario:</subfield>
    <subfield code="b">Ivey Business School, </subfield>
    <subfield code="c">2013.</subfield>
  </datafield>
  <datafield tag="300" ind1=" " ind2=" ">
    <subfield code="a">[various pagings].:</subfield>
    <subfield code="b">ill.;</subfield>
  </datafield>
  <datafield tag="490" ind1=" " ind2=" ">
    <subfield code="3">Business case studies</subfield>
  </datafield>
  <datafield tag="505" ind1=" " ind2=" ">
    <subfield code="a">Contents:  Where have the insider traders gone? options markets are their new home -- A preannoucement leak for traders dow jones options? -- WorldCom director uses exotic play to hedge stake -- Contrary bets on Yahoo, goldman -- Sleepless in L.A. -- Mogen, Inc. -- Symatec corporation: convertible notes with call spread -- Introduction  to real options -- The ramsync brief -- Uses, abuses, and alternatives to the Net-present-value rule -- MW petroleum corporation (A) -- Apache sees profit in discards -- Options in the mirror, bigger than they seem -- Valuing employee stock options -- Employee stock option valuation with an early exercise boundary -- Executive stock potions: early exercise provisions and risk taking incentives -- Oil falls to $91 as data suggest demand shift -- Wimps to wizards --</subfield>
  </datafield>
  <datafield tag="653" ind1=" " ind2=" ">
    <subfield code="a">Corporate finance</subfield>
  </datafield>
  <datafield tag="710" ind1=" " ind2=" ">
    <subfield code="b">Ivey Business School</subfield>
  </datafield>
  <datafield tag="942" ind1=" " ind2=" ">
    <subfield code="2">lcc</subfield>
    <subfield code="c">BK</subfield>
  </datafield>
  <datafield tag="999" ind1=" " ind2=" ">
    <subfield code="c">8210</subfield>
    <subfield code="d">15710</subfield>
  </datafield>
  <datafield tag="952" ind1=" " ind2=" ">
    <subfield code="0">0</subfield>
    <subfield code="1">0</subfield>
    <subfield code="2">lcc</subfield>
    <subfield code="4">0</subfield>
    <subfield code="7">0</subfield>
    <subfield code="a">WIUC-KL</subfield>
    <subfield code="b">WIUC-KL</subfield>
    <subfield code="c">GEN</subfield>
    <subfield code="d">2019-11-08</subfield>
    <subfield code="h">ADV/Bus</subfield>
    <subfield code="o">HG4026.B97</subfield>
    <subfield code="p">K/1693/1693/19</subfield>
    <subfield code="r">2021-12-07 00:00:00</subfield>
    <subfield code="w">2021-12-07</subfield>
    <subfield code="y">BK</subfield>
    <subfield code="z">Part of the Ivey Collection. Shelved alphabetically by title </subfield>
  </datafield>
</record>
